Postavenie, úlohy a význam interného audítora v komerčných poisťovniach

Vymedzenie pojmu interný audit. Interný audítor. Hlavné úlohy Slovenskej komory audítorov.

Salvato in:
Dettagli Bibliografici
Autore principale: Pastoráková, Erika, 1972-
Natura: Capitolo di libro
Lingua:slovacco
Soggetti:
Tags: Aggiungi Tag
Nessun Tag, puoi essere il primo ad aggiungerne!!

MARC

LEADER 00000naa$a2200000$$$4500
001 0072717
005 20240502071848.5
041 0 |a slo 
044 |a SK 
245 1 0 |a Postavenie, úlohy a význam interného audítora v komerčných poisťovniach  |c Erika Pastoráková 
520 |a Vymedzenie pojmu interný audit. Interný audítor. Hlavné úlohy Slovenskej komory audítorov. 
610 2 0 |a audítori 
610 2 0 |a audítorstvo 
610 2 0 |a pojmy 
610 2 0 |a audit interný 
610 2 0 |a kódexy etické 
610 2 0 |a poisťovne komerčné 
100 1 |a Pastoráková, Erika, 1972-